Introduction to cybersecurity/ (Record no. 98708)
[ view plain ]
| 000 -LEADER | |
|---|---|
| fixed length control field | 00691nam a22002057a 4500 |
| 003 - CONTROL NUMBER IDENTIFIER | |
| control field | URS |
| 005 - DATE AND TIME OF LATEST TRANSACTION | |
| control field | 20260219225609.0 |
| 008 - FIXED-LENGTH DATA ELEMENTS--GENERAL INFORMATION | |
| fixed length control field | 260219s2023 ph a|||| |||| 00| 0 eng d |
| 020 ## - INTERNATIONAL STANDARD BOOK NUMBER | |
| International Standard Book Number | 9786214271580 |
| 040 ## - CATALOGING SOURCE | |
| Language of cataloging | English |
| Transcribing agency | URS |
| Modifying agency | rda |
| 050 ## - LIBRARY OF CONGRESS CALL NUMBER | |
| Classification number | TK 5105.59 |
| Item number | .P772 2023 |
| 100 ## - MAIN ENTRY--PERSONAL NAME | |
| Relator code | author |
| Personal name | Pomperada, Jake R. |
| 245 ## - TITLE STATEMENT | |
| Title | Introduction to cybersecurity/ |
| Remainder of title | Jake R. Pomperada, Jason V. Castellano |
| 264 ## - PUBLICATION, DISTRIBUTION, ETC. (IMPRINT) | |
| Place of publication, distribution, etc | Intramuros, Manila: |
| Name of publisher, distributor, etc | Unlimited Books Library Services & Publishing Inc.; |
| Date of publication, distribution, etc | c2023 |
| 300 ## - PHYSICAL DESCRIPTION | |
| Extent | xiii, 165 pages: |
| Other physical details | illustrations; |
| Dimensions | 25 cm. |
| 504 ## - BIBLIOGRAPHY, ETC. NOTE | |
| Bibliography, etc | includes index |
| 650 ## - SUBJECT ADDED ENTRY--TOPICAL TERM | |
| Topical term or geographic name as entry element | Computer networks--Security measures |
| 700 ## - ADDED ENTRY--PERSONAL NAME | |
| Relator code | author |
| Personal name | Castellano, Jason V. |
| 942 ## - ADDED ENTRY ELEMENTS (KOHA) | |
| Source of classification or shelving scheme | Library of Congress Classification |
| Koha item type | Filipiniana |
| Withdrawn status | Lost status | Source of classification or shelving scheme | Damaged status | Not for loan | Collection code | Home library | Current library | Shelving location | Date acquired | Source of acquisition | Total Checkouts | Full call number | Barcode | Date last seen | Price effective from | Koha item type |
|---|---|---|---|---|---|---|---|---|---|---|---|---|---|---|---|---|
| Library of Congress Classification | Non-fiction | Cainta College Library | Cainta College Library | Filipiniana Section | 02/19/2026 | Purchased | TK 5105.59 .P772 2023 | URSCAI-5641 | 02/19/2026 | 02/19/2026 | Filipiniana | |||||
| Library of Congress Classification | Non-fiction | Cainta College Library | Cainta College Library | Filipiniana Section | 02/19/2026 | Purchased | TK 5105.59 .P772 2023 | URSCAI-5642 | 02/19/2026 | 02/19/2026 | Filipiniana | |||||
| Library of Congress Classification | Non-fiction | Cainta College Library | Cainta College Library | Filipiniana Section | 02/19/2026 | Purchased | TK 5105.59 .P772 2023 | URSCAI-5643 | 02/19/2026 | 02/19/2026 | Filipiniana |